| Tag |
First Indicator |
Second Indicator |
Subfields |
| LEADER |
00000cam a22000001 4500 |
| 001 |
in00000072198 |
| 005 |
20151008052435.0 |
| 008 |
740813s1966 inu b 00010 eng |
| 010 |
|
|
|a 66063925
|
| 035 |
|
|
|a (OCoLC)00826768
|
| 035 |
|
|
|9 AAH3356AM
|
| 040 |
|
|
|a DLC
|c DLC
|d TXA
|d UtOrBLW
|
| 049 |
|
|
|a TXAM
|c [470568]
|
| 050 |
0 |
0 |
|a LB2835
|b .M3
|
| 082 |
0 |
|
|a 371.11
|
| 092 |
|
|
|a 371.1
|b M395e, 1966
|
| 100 |
1 |
|
|a Mascho, Beth Vail.
|
| 245 |
1 |
4 |
|a The elementary education selection research project /
|c [by] Beth Vail Mascho [and others.
|
| 264 |
|
1 |
|a Muncie, Ind.] :
|b Ball State University,
|c 1966.
|
| 300 |
|
|
|a xii, 36 pages ;
|c 23 cm.
|
| 336 |
|
|
|a text
|b txt
|2 rdacontent
|
| 337 |
|
|
|a unmediated
|b n
|2 rdamedia
|
| 338 |
|
|
|a volume
|b nc
|2 rdacarrier
|
| 504 |
|
|
|a Bibliography: pages 33-36.
|
| 650 |
|
0 |
|a Teachers
|x Selection and appointment.
|
| 650 |
|
0 |
|a Prediction of teacher success.
|
| 650 |
|
0 |
|a Education, Elementary.
|
| 999 |
|
|
|a MARS
|
| 999 |
f |
f |
|s 8383c648-381a-37ba-98f7-c70bf8f6fabf
|i ef77036f-016c-3787-9696-7decf7305981
|t 0
|
| 952 |
f |
f |
|p ric
|a Texas A&M University
|b Rellis Campus
|c Joint Library Facility
|d Remote Storage
|t 0
|e LB2835 .M3
|h Library of Congress classification
|i unmediated -- volume
|m A14800830054
|
| 998 |
f |
f |
|a LB2835 .M3
|t 0
|l Remote Storage
|